ESSENTIAL MANAGEMENT AND FINANCE (Record no. 126137)

MARC details
000 -LEADER
fixed length control field 00323pam a2200133 a 4500
020 ## - INTERNATIONAL STANDARD BOOK NUMBER
International Standard Book Number 0-273-61935-7
Terms of availability
041 ## - LANGUAGE CODE
Language code of original
082 ## - DEWEY DECIMAL CLASSIFICATION NUMBER
Classification number 658.152
Item number GOU
100 ## - MAIN ENTRY--PERSONAL NAME
Personal name GOUGH L.,
245 ## - TITLE STATEMENT
Title ESSENTIAL MANAGEMENT AND FINANCE
Medium Textual Documents
260 ## - PUBLICATION, DISTRIBUTION, ETC.
Place of publication, distribution, etc. LONDON
Name of publisher, distributor, etc. PITMAN PUBLISHING
Date of publication, distribution, etc. 1996
300 ## - PHYSICAL DESCRIPTION
Extent XXXI+303
930 ## - EQUIVALENCE OR CROSS-REFERENCE-UNIFORM TITLE HEADING [LOCAL, CANADA]
Uniform title 6673
Holdings
Withdrawn status Lost status Damaged status Not for loan Collection Home library Current library Date acquired Total Checkouts Full call number Barcode Date last seen Copy number Price effective from Koha item type
          Institute of Management & Entrepreneurship Development, Pune Institute of Management & Entrepreneurship Development, Pune 18/04/2011   658.152 GOU IMP-IM-4901 01/03/2023 1 01/03/2023 Book